Josef Čapek, čestný občan města Liberce : zásadní podíl Čechů na osvobození Liberce v květnu 1945 /

Main Author: Bláha, Jaroslav, 1924-2015
Corporate Author: Masarykova dělnická akademie
Language: Czech
Published: Ústí nad Labem : Masarykova dělnická akademie, 2007
Series: Sociálně demokratické osobnosti severních Čech
Subjects:
Physical Description: 19 s. : il., portréty ; 21 cm
Book
Saved in:
LEADER 02776nam a2200685 a 4500
001 nkc20071721986
003 CZ PrNK
005 20160919095918.0
007 ta
008 070530s2007 xr ac e f 000 0bcze
015 |a cnb001721986 
020 |a 978-80-86467-14-6  |q (Kapucín ;  |q brož.)  |z 80-86467-14-7 
035 |a (OCoLC)187296672 
040 |a OLA001  |b cze  |d ABA001 
043 |a e-xr---  |b e-xr-li  |2 czenas 
045 |a x4x4 
072 7 |a 94(437)  |x Dějiny Česka a Slovenska  |2 Konspekt  |9 8 
072 7 |a 929  |x Biografie  |2 Konspekt  |9 8 
080 |a 329.14-051  |2 MRF 
080 |a 32-051  |2 MRF 
080 |a 929  |2 MRF 
080 |a 94(437.3)"1945"  |2 MRF 
080 |a 94(100)"1939/1945"  |2 MRF 
080 |a 94(437.316)  |2 MRF 
080 |a (0:82-94)  |2 MRF 
080 |a (036)  |2 MRF 
100 1 |a Bláha, Jaroslav,  |d 1924-2015  |7 jk01012188  |4 aut 
245 1 0 |a Josef Čapek, čestný občan města Liberce :  |b zásadní podíl Čechů na osvobození Liberce v květnu 1945 /  |c Jaroslav Bláha 
246 3 0 |a Zásadní podíl Čechů na osvobození Liberce v květnu 1945 
260 |a Ústí nad Labem :  |b Masarykova dělnická akademie,  |c 2007 
300 |a 19 s. :  |b il., portréty ;  |c 21 cm 
490 1 |a Sociálně demokratické osobnosti severních Čech ;  |v sv. 5 
500 |a Vydáno v nakl. Kapucín 
504 |a Obsahuje bibliografii 
600 1 7 |a Čapek, Josef,  |d 1869-1955  |7 jo2003196937  |2 czenas 
648 7 |a 19.-20. století  |7 ch757015  |2 czenas 
648 7 |a 1945  |7 ch460654  |2 czenas 
648 7 |a 20. století  |7 ch460558  |2 czenas 
650 0 7 |a sociální demokraté  |7 ph125779  |z Česko  |y 19.-20. století  |2 czenas 
650 0 7 |a politici  |7 ph115781  |z Česko  |y 20. století  |2 czenas 
650 0 7 |a České květnové povstání (1945)  |7 ph138758  |2 czenas 
650 0 7 |a druhá světová válka (1939-1945)  |7 ph117270  |z Československo  |2 czenas 
650 0 9 |a social democrats  |z Czechia  |y 19th-20th centuries  |2 eczenas 
650 0 9 |a politicians  |z Czechia  |y 20th century  |2 eczenas 
650 0 9 |a Czech May uprising (1945)  |2 eczenas 
650 0 9 |a World War (1939-1945)  |z Czechoslovakia  |2 eczenas 
651 7 |a Liberec (Česko)  |7 ge128509  |x dějiny  |y 1945  |2 czenas 
651 9 |a Liberec (Czechia)  |x history  |y 1945  |2 eczenas 
655 7 |a medailony  |7 fd185951  |2 czenas 
655 7 |a informační publikace  |7 fd132454  |2 czenas 
655 9 |a biographical portraits  |2 eczenas 
655 9 |a information publications  |2 eczenas 
710 2 |a Masarykova dělnická akademie  |7 ko2002149443 
830 0 |a Sociálně demokratické osobnosti severních Čech  |0 s 
910 2 |a BOA001  |b 2-1187.276 
928 9 |a Kapucín 
990 |a BK 
995 |a 01 
991 |b 200706  |c NOV 
996 6 |b 2610312469  |c 2-1187.276  |l MZK  |r Sklad / do 1 hodiny  |n 0  |p p.v.  |w 000852561  |u 000010  |a 1  |e BOA001  |j MZK50  |s P